[Event "CZE-chTE U20 1314"]
[Site "Czech Republic"]
[Date "2013.12.07"]
[Round "5.5"]
[White "Cach, Zdenek"]
[Black "Ludvik, Tomas"]
[Result "1-0"]
[WhiteElo "1413"]
[BlackElo "1543"]
[PlyCount "106"]
[EventDate "2013.10.12"]
[EventType "team-tourn"]
[EventRounds "11"]
[EventCountry "CZE"]
[SourceTitle "EXT 2015"]
[Source "ChessBase"]
[SourceDate "2014.11.20"]
[SourceVersion "1"]
[SourceVersionDate "2014.11.20"]
[SourceQuality "1"]
[WhiteTeam "Polabiny (U20) II"]
[BlackTeam "Polabiny (U20)"]
[WhiteTeamCountry "CZE"]
[BlackTeamCountry "CZE"]

1. e4 c5 2. Nf3 Nc6 3. d4 cxd4 4. Nxd4 Nf6 5. Nc3 e6 6. Be3 Be7 7. Be2 0-0 8. 0-0 d6 9. f4 Bd7 10. Qd2 Nxd4 11. Bxd4 Bc6 12. Bf3 Rc8 13. Rad1 Qc7 14. e5 Nd7 15. Bxc6 Qxc6 16. exd6 Bf6 17. Bxf6 Nxf6 18. Qd4 a6 19. Rfe1 Rfd8 20. Re2 b5 21. a3 Rd7 22. Re5 h6 23. h3 Rcd8 24. Rc5 Qxd6 25. Qxd6 Rxd6 26. Rxd6 Rxd6 27. Rc8+ Kh7 28. Rc7 Kg6 29. Kf1 Rd2 30. Ne2 Rd1+ 31. Kf2 Rb1 32. Ra7 Rxb2 33. Nd4 Nd5 34. g3 b4 35. Rxa6 bxa3 36. Rxa3 Kf6 37. Rb3 Ra2 38. Kf3 Ra4 39. Nb5 h5 40. Nd6 h4 41. c4 Ra6 42. Ne4+ Kg6 43. cxd5 exd5 44. Nc3 hxg3 45. Nxd5 f6 46. Kxg3 Ra1 47. Ne7+ Kf7 48. Rb7 Kf8 49. Ng6+ Kg8 50. Rb8+ Kf7 51. f5 Rg1+ 52. Kh4 Rxg6 53. fxg6+ Kxg6 1-0

[Event "Czech Fed-ch U16"]
[Site "Hrdonov"]
[Date "2013.10.29"]
[Round "5"]
[White "Hejduk, Miroslav"]
[Black "Cach, Zdenek"]
[Result "1/2-1/2"]
[WhiteElo "1770"]
[BlackElo "1534"]
[PlyCount "50"]
[EventDate "2013.10.26"]
[EventType "swiss"]
[EventRounds "9"]
[EventCountry "CZE"]
[SourceTitle "EXT 2016"]
[Source "ChessBase"]
[SourceDate "2015.10.08"]
[SourceVersion "1"]
[SourceVersionDate "2015.10.08"]
[SourceQuality "1"]

1. d4 d5 2. Nf3 e6 3. Bf4 Nf6 4. e3 Be7 5. c4 0-0 6. Nc3 b6 7. cxd5 Nxd5 8. Bg3 Bb7 9. Rc1 Nd7 10. a3 c5 11. Bd3 cxd4 12. exd4 Rc8 13. Qd2 N7f6 14. 0-0 Nxc3 15. Rxc3 Ne4 16. Bxe4 Bxe4 17. Rxc8 Qxc8 18. Rc1 Qd8 19. Ne5 Bc5 20. Rd1 Bd6 21. Qe2 Bxe5 22. Qxe4 Bxg3 23. hxg3 Qc7 24. d5 exd5 25. Qxd5 h6 1/2-1/2

[Event "Hrdonov op"]
[Site "Hrdonov"]
[Date "2012.10.23"]
[Round "5"]
[White "Cach, Zdenek"]
[Black "Hanzlik, David"]
[Result "0-1"]
[WhiteElo "1485"]
[BlackElo "1748"]
[PlyCount "110"]
[EventDate "2012.10.20"]
[EventType "swiss"]
[EventRounds "9"]
[EventCountry "CZE"]
[SourceTitle "CBM 151 Extra"]
[Source "ChessBase"]
[SourceDate "2012.12.18"]
[SourceVersion "1"]
[SourceVersionDate "2012.12.18"]
[SourceQuality "1"]

1. e4 e5 2. Nf3 Nc6 3. Nc3 Nf6 4. Bc4 Bb4 5. d3 Bxc3+ 6. bxc3 d6 7. h3 Be6 8. Bb3 Qd7 9. 0-0 h6 10. Re1 g5 11. Bxe6 fxe6 12. g4 0-0-0 13. d4 exd4 14. cxd4 d5 15. exd5 Nxd5 16. Bb2 Nf4 17. d5 exd5 18. Bxh8 Nxh3+ 19. Kf1 Rxh8 20. Ne5 Nxe5 21. Rxe5 Nf4 22. Qd4 Qxg4 23. Re7 Kd8 24. Qe5 Qg2+ 25. Ke1 Qg1+ 26. Kd2 Qxf2+ 27. Kd1 Qc5 28. Qxh8+ Kxe7 29. Qg7+ Kd6 30. Qxh6+ Ne6 31. Qf6 Qd4+ 32. Qxd4 Nxd4 33. Kd2 Nf3+ 34. Ke3 Ne5 35. Rg1 g4 36. Rh1 b5 37. Rh6+ Kc5 38. Rh7 Nc4+ 39. Kd3 Kb6 40. Rg7 c6 41. Kd4 a5 42. Rxg4 c5+ 43. Kc3 d4+ 44. Rxd4 cxd4+ 45. Kxd4 a4 46. Kd3 Kc5 47. c3 Na3 48. Ke2 Kc4 49. Kd2 Nb1+ 50. Kc2 Nxc3 51. a3 Ne2 52. Kb2 Kd3 53. Kb1 Kc3 54. Ka2 Nd4 55. Ka1 Kb3 0-1

[Event "Kouty nad Desnou op-B"]
[Site "Kouty nad Desnou"]
[Date "2011.03.13"]
[Round "2"]
[White "Reznicek, Dominik"]
[Black "Cach, Zdenek"]
[Result "1-0"]
[WhiteElo "1641"]
[BlackElo "1479"]
[PlyCount "87"]
[EventDate "2011.03.12"]
[EventType "swiss"]
[EventRounds "9"]
[EventCountry "CZE"]
[SourceTitle "EXT 2014"]
[Source "ChessBase"]
[SourceDate "2013.11.20"]
[SourceVersion "1"]
[SourceVersionDate "2013.11.20"]
[SourceQuality "1"]

1. e4 e5 2. Nf3 Nf6 3. d4 Nxe4 4. Bd3 d5 5. dxe5 Bf5 6. Nc3 Bc5 7. 0-0 0-0 8. Qe2 Nxc3 9. bxc3 Bg4 10. h3 Bh5 11. Be3 Bb6 12. Bd4 Qe7 13. Bxb6 axb6 14. Rfe1 Re8 15. Qe3 Nd7 16. g4 Bg6 17. Kg2 Bxd3 18. cxd3 h6 19. d4 c5 20. Nd2 c4 21. Reb1 f6 22. f4 g5 23. Qf3 Ra3 24. Rc1 fxe5 25. Qxd5+ Qf7 26. Qxf7+ Kxf7 27. fxe5 Ke6 28. Nxc4 Ra4 29. Nd6 Rea8 30. Rc2 R8a7 31. Kf3 Nb8 32. Nb5 R7a5 33. Nd6 Ra7 34. Rb2 Nd7 35. Nb5 R7a5 36. Ke3 Rxb5 37. Rxb5 Ra3 38. Rb3 Ra5 39. Ke4 Ra4 40. Kd3 Ke7 41. a3 Kf7 42. Re1 Ke6 43. c4 Kf7 44. e6+ 1-0